Dictionary of bioinformatics and computational biology /
Guardado en:
| Otros Autores: | , |
|---|---|
| Formato: | Libro |
| Idioma: | English |
| Publicado: |
Hoboken, N.J. :
Wiley-Liss,
c2004.
|
| Materias: | |
| Acceso en línea: | Descripción Tabla de contenido Revisión (E-STREAMS) Biografía del autor |
| Etiquetas: |
Agregar Etiqueta
Sin Etiquetas, Sea el primero en etiquetar este registro!
|
| LEADER | 01357cam a22003015a 4500 | ||
|---|---|---|---|
| 001 | EIQ.libpla001509 | ||
| 008 | 030825s2004####njua#####bd###001#0#eng#d | ||
| 005 | 20061030154505.0 | ||
| 245 | 0 | 0 | |a Dictionary of bioinformatics and computational biology / |c edited by John M. Hancock, Marketa J. Zvelebil. |
| 260 | |a Hoboken, N.J. : |b Wiley-Liss, |c c2004. | ||
| 300 | |a xxiii, 636 p. : |b il. ; |c 26 cm. | ||
| 504 | |a Incluye referencias bibliográficas e índices. | ||
| 020 | |a 0471436224 (cloth : alk. paper) | ||
| 700 | 1 | |a Hancock, John M., |e ed. |4 edt | |
| 700 | 1 | |a Zvelebil, Marketa J., |e ed. |4 edt | |
| 246 | 3 | 0 | |a Bioinformatics and computational biology |
| 082 | 0 | 0 | |a 570/.285 |2 22 |
| 650 | 4 | |a Bioinformática |v Diccionario. | |
| 650 | 4 | |a Biología computacional |v Diccionario. | |
| 650 | 0 | |a Computational biology |v Dictionaries. | |
| 650 | 0 | |a Bioinformatics |v Dictionaries. | |
| 010 | |a 2003018952 | ||
| 040 | |a DNLM/DLC |c DLC |d DLC |d AR-BbSID | ||
| 856 | 4 | 2 | |3 Descripción |u http://www.loc.gov/catdir/description/wiley041/2003018952.html |
| 856 | 4 | 1 | |3 Tabla de contenido |u http://www.loc.gov/catdir/toc/ecip048/2003018952.html |
| 856 | 4 | 2 | |3 Revisión (E-STREAMS) |u http://www.estreams.com/es0805/es0805%5F4091.html |
| 856 | 4 | 2 | |3 Biografía del autor |u http://www.loc.gov/catdir/enhancements/fy0614/2003018952-b.html |
| 859 | |a AR-BbSID |b BIB. PLAPIQUI |h 570.285 |i D 56 |p 5881 | ||
